Library of the University of Algiers 3
Ibrahim Sultan Cheibout
شعار جامعة الجزائر 3
مكتبة جامعة الجزائر 3
إبراهيم سلطان شيبوط

أسس الإقتراض الزراعي والتمويل التعاوني / (رقم التسجيلة. 43219)

تفاصيل مارك
000 -LEADER
fixed length control field 01812nam a2200229Ia 4500
003 - CONTROL NUMBER IDENTIFIER
control field Ost
005 - DATE AND TIME OF LATEST TRANSACTION
control field 20260507075131.0
008 - FIXED-LENGTH DATA ELEMENTS--GENERAL INFORMATION
fixed length control field 260507s9999||||xx |||||||||||||| ||und||
040 ## - CATALOGING SOURCE
Transcribing agency fsecg
041 ## - LANGUAGE CODE
Language code of text/sound track or separate title ara
082 ## - DEWEY DECIMAL CLASSIFICATION NUMBER
Classification number 330
100 ## - MAIN ENTRY--PERSONAL NAME
Personal name فارس، علي محمود
Relator term مؤلف
245 #0 - TITLE STATEMENT
Title أسس الإقتراض الزراعي والتمويل التعاوني /
Statement of responsibility, etc. علي محمود فارس
260 ## - PUBLICATION, DISTRIBUTION, ETC.
Place of publication, distribution, etc. ليبيا:
Name of publisher, distributor, etc. منشورات جامعة عمر المختار,
Date of publication, distribution, etc. 2005
300 ## - PHYSICAL DESCRIPTION
Extent 490 صفحة؛
Other physical details إيضاحات ؛
Dimensions 25 سم
520 ## - SUMMARY, ETC.
Summary, etc. أهمية الإقتراض الزراعي في الدول النامية- أهمية رأس المال في العمل الزراعي- الإدارة المالية المزروعة- مصادر الإقراض الزراعي- تصنيف القروض الزراعية- إدارة القروض الزراعية- ضمانات القروض الزراعية- الإجراءات الإدارية لطلب القروض الزراعية- تكاليف القروض والفائدة البسيطة- الفائدة المركبة- حسابات استهلاك القروض- تسديد القروض الزراعية والكفاءة التحصيلية- التمويل التعاوني- الإشراف والمراقبة على القروض الزراعية- العلاقة التكاملية بين الإقراض الزراعي والخدمات- أسس نجاح برامج الإقراض الزراعي والتمويل التعاوني- التأمين والأنشطة الزراعية- التمويل من المصارف غير الربوية (الإسلامية).
653 ## - INDEX TERM--UNCONTROLLED
Uncontrolled term الإقتراض
653 ## - INDEX TERM--UNCONTROLLED
Uncontrolled term التمويل الزراعي
653 ## - INDEX TERM--UNCONTROLLED
Uncontrolled term الزراعة
700 ## - ADDED ENTRY--PERSONAL NAME
Personal name شلوف، فيصل مفتاح
Relator term مؤلف ثانوي
942 ## - ADDED ENTRY ELEMENTS (KOHA)
Koha item type كتب
المقتنيات
Withdrawn status Lost status Source of classification or shelving scheme Damaged status Not for loan Home library Current library Date acquired Serial enumeration / chronology Inventory number Total checkouts Full call number Barcode Date last seen Price effective from Koha item type
    Dewey Decimal Classification   NOT LOAN / إعارة داخلية مكتبة كلية العلوم الإقتصادية والعلوم التجارية وعلوم التسيير مكتبة كلية العلوم الإقتصادية والعلوم التجارية وعلوم التسيير 07/05/2026 الطابق الأرضي 2134/1   أ/2134ن1 2134/1 07/05/2026 07/05/2026 كتب
    Dewey Decimal Classification   Available مكتبة كلية العلوم الإقتصادية والعلوم التجارية وعلوم التسيير مكتبة كلية العلوم الإقتصادية والعلوم التجارية وعلوم التسيير 07/05/2026 الطابق الأرضي 2134/2   أ/2134ن2 2134/2 07/05/2026 07/05/2026 كتب
    Dewey Decimal Classification   Available مكتبة كلية العلوم الإقتصادية والعلوم التجارية وعلوم التسيير مكتبة كلية العلوم الإقتصادية والعلوم التجارية وعلوم التسيير 07/05/2026 الطابق الثاني 2134/3   أ/2134ن3 2134/3 07/05/2026 07/05/2026 كتب

موارد الويب المفتوحة


© University of Algiers 3 All Rights Reserved
|
Implemented by LECHELAH Riad